000 00298nam a22001217a 4500
008 230620b xxu||||| |||| 00| 0 eng d
082 _a320.96
_bBAR
100 _cVernon Bartlett
245 _aStruggle for Africa
260 _aLondon
_bFrederick Muller LTD
_c1953
300 _a243p
942 _2ddc
_cBK
999 _c1689
_d1689